| 000 | 00598cam a2200181 i 4500 | ||
|---|---|---|---|
| 020 | _a0471042633 | ||
| 082 | 0 | 0 |
_a624.2 _bHEI _cl-18, p-12 |
| 100 | 1 |
_aHeins, Conrad P. _943358 |
|
| 245 | 1 | 0 |
_aDesign of modern steel highway bridges _cC. P. Heins, D. A. Firmage. |
| 260 |
_aNew York : _bWiley, _cc1979. |
||
| 300 |
_aix, 463 p. : _bill. ; _c24 cm. |
||
| 500 | _a"A Wiley-Interscience publication. | ||
| 526 |
_a0 _b0 _c0 _d624_200000000000000_HEI |
||
| 650 | 0 |
_aIron and steel bridges _xDesign and construction. _922830 |
|
| 650 | 0 |
_aMCE _9379 |
|
| 700 | 1 |
_aFirmage, D. Allan _943359 |
|
| 942 |
_2ddc _cBK |
||
| 999 |
_c547178 _d547178 |
||